Statistics for Portuguese Bathroom Vocabulary

Click here to take the quiz!

General Stats

  • This quiz has been taken 22 times
    (21 since last reset)
  • The average score is 15 of 48

Answer Stats

HintAnswer% Correct
mirrorespelho
86%
to take a bathtomar um banho
71%
soapsabão
71%
showerchuveiro
71%
curtaincortina
71%
shampooxampu
64%
bathtubbanheira
57%
brushescova
50%
to shavebarbear
50%
cleanlimpo(a)
50%
toweltoalha
50%
toiletvaso sanitário
50%
blow dryersecador
50%
makeupmaquiagem
50%
toilet paperpapel higiênico
50%
conditionercondicionador
43%
sinkpia
43%
to drysecar
43%
combpente
36%
tooth brushescova de dentes
36%
tooth pastepasta de dentes
36%
deodorantdesodorante
36%
drawergaveta
36%
razorbarbeador
29%
shaving creamcreme de barbear
21%
bubblebolha
21%
to brushescovar
21%
faucettorneira
21%
nail polish removerremovedor de esmalte
14%
nail filelixa de unha
14%
to take a showertomar uma ducha
14%
to combpentear
14%
flossfio dental
7%
nail clipperscortador de unhas
7%
to curlenrolar
7%
counterbalcão
7%
shower captouca de banho
7%
shower headcabeça de chuveiro
7%
draincano de esgoto
7%
curling ironferro de ondulação
7%
mattapete
7%
flat ironchapinha
7%
wash clothtoalhinha
7%
scalebalança
0%
to straightenarrumar
0%
rubber duckiepatinho de borracha
0%
nail polishesmalte de unhas
0%
mouth washanti-séptico bucal
0%

Score Distribution

Percentile by Number Answered

Percent of People with Each Score

Your Score History

You have not taken this quiz since the last reset